MARC

LEADER 00000nam0a2200000 4500
001 252090
005 20231101232721.0
020 |a RU  |b 89-21762 
035 |a (RuTPU)RU\TPU\book\274407 
090 |a 252090 
100 |a 20140227d1988 k a0rusy5003 ca 
101 0 |a rus 
102 |a RU 
105 |a a z 001zy 
200 1 |a Апатитоносность и петрологические особенности фанерозойских базит-гипербазитовых комплексов Приморья  |f В. Т. Старожилов  |g Академия наук СССР (АН СССР), Дальневосточное отделение (ДВО), Дальневосточный геологический институт 
210 |a Владивосток  |c ДВО АН СССР  |d 1988 
215 |a 145 с.  |c ил. 
320 |a Библиогр.: с. 141-146. 
606 1 |a Гипербазиты  |2 stltpush  |3 (RuTPU)RU\TPU\subj\7220  |9 34929 
610 1 |a апатитовые месторождения 
610 1 |a фанерозой 
610 1 |a геология 
610 1 |a Приморье 
610 1 |a магматиты 
610 1 |a фосфор 
610 1 |a геохимия 
610 1 |a петрогенные элементы 
610 1 |a магматические формации 
675 |a 552.321.5/.6  |z rus 
700 1 |a Старожилов  |b В. Т.  |g Валерий Титович 
712 0 2 |a Академия наук СССР (АН СССР)  |b Дальневосточное отделение (ДВО)  |b Дальневосточный геологический институт  |2 stltpush  |3 (RuTPU)RU\TPU\col\13467 
801 0 |a RU  |b RuMRKP  |c 19950417  |g psbo 
801 1 |a RU  |b 63413507  |c 20140227 
801 2 |a RU  |b 63413507  |c 20140417  |g RCR 
942 |c BK